Music Quiz

Random Music or Bands Quiz

Finish the Song Title III Quiz Stats

 Plays Quiz not verified by Sporcle

Challenge
Share
Tweet
Embed
Score 0/23 Timer 04:00
0 Plays Today
Start of Title Finish Title % Correct
Wait forMe
96.4%
All forYou
89.3%
Save the Best forLast
75.2%
Don't Cry forMe Argentina
71.9%
She Works Hard forthe Money
71.9%
Money forNothing
67.8%
Do forLove
58.7%
Let's Hear It forthe Boy
58.4%
Working forthe Weekend
51.2%
I Was Made forLovin' You
47.1%
What It Feels Like fora Girl
46.8%
I Can't Go forThat
38.6%
Start of Title Finish Title % Correct
Waiting forTonight
37.7%
Sing forthe Moment
30.6%
Thank You forLoving Me
19.8%
Waiting fora Girl Like You
19.3%
Workin' fora Livin'
18.2%
Living forthe City
15.7%
Too Late forGoodbyes
14.9%
A Song forMama
10.7%
Praying forTime
9.9%
This One's forthe Children
4.7%
Cry forHelp
4.4%

You're not logged in!

Compare scores with friends on all Sporcle quizzes.
Join for Free
OR
Log In

You Might Also Like...

Show Comments

Extras

Created Mar 16, 2010ReportNominate
Tags:Bands Quiz, Song Quiz, finish, start

Top Quizzes Today


Score Distribution

Your Account Isn't Verified!

In order to create a playlist on Sporcle, you need to verify the email address you used during registration. Go to your Sporcle Settings to finish the process.

Report this User

Report this user for behavior that violates our Community Guidelines.

Details: